000 00414nam a2200157Ia 4500
008 210716s1986 xx 000 0 und d
020 _a70991294
041 _aeng
082 _a005.134 LISM
100 _aLiskin, Miriam.
245 _aAdvanced dbase lll: programming and techniques.
_bProgramming and techniques.
250 _a1
260 _aCalifornia
_bMcGraw Hill
_c1986
300 _a656
650 _aNone
999 _c180540
_d180540